50 câu hỏi đáp phòng trị bênh giòn xương

Đã lưu trong:
书目详细资料
主要作者: MÃ TẠI TÙNG
格式: 图书
语言:Undetermined
出版: Y học 2002
标签: 添加标签
没有标签, 成为第一个标记此记录!
Thư viện lưu trữ: Trung tâm Học liệu Trường Đại học Cần Thơ
LEADER 00453nam a2200145Ia 4500
001 CTU_48638
008 210402s9999 xx 000 0 und d
082 |a 616.71 
082 |b T513 
100 |a MÃ TẠI TÙNG 
245 0 |a 50 câu hỏi đáp phòng trị bênh giòn xương 
245 0 |c MÃ TẠI TÙNG; Dịch giả: Nguyễn Kim Dân 
260 |b Y học 
260 |c 2002 
980 |a Trung tâm Học liệu Trường Đại học Cần Thơ